[Event "GER-chT U16"]
[Site "Willingen"]
[Date "2021.06.24"]
[Round "2.5"]
[White "Khanbekyan, Areg"]
[Black "Sowka, Patrick"]
[Result "0-1"]
[WhiteElo "1576"]
[BlackElo "1616"]
[PlyCount "114"]
[EventDate "2021.06.23"]
[EventType "team-swiss"]
[EventRounds "7"]
[EventCountry "GER"]
[SourceTitle "CBM 203 Extra"]
[Source "ChessBase"]
[SourceDate "2021.09.30"]
[SourceVersion "1"]
[SourceVersionDate "2021.09.30"]
[SourceQuality "1"]
[WhiteTeam "Greifswald"]
[BlackTeam "Ergolding FC"]
[WhiteTeamCountry "GER"]
[BlackTeamCountry "GER"]

1. e4 e5 2. Nf3 Nc6 3. Bb5 Bc5 4. 0-0 d6 5. c3 a6 6. Ba4 b5 7. Bc2 Bb7 8. d3 Nf6 9. Nbd2 0-0 10. h3 d5 11. exd5 Qxd5 12. Re1 Rae8 13. Nf1 e4 14. dxe4 Qxd1 15. Rxd1 Nxe4 16. Be3 Bd6 17. N1d2 Nb8 18. Bxe4 Bxe4 19. Nxe4 Rxe4 20. Nd4 g6 21. Rd2 Rfe8 22. b4 f5 23. Rdd1 Nd7 24. a4 bxa4 25. Rxa4 Nb6 26. Rxa6 Nc4 27. Nb5 Nxe3 28. fxe3 Bg3 29. Raa1 Rxe3 30. Kf1 c6 31. Nd6 Rd8 32. Nc4 Rxd1+ 33. Rxd1 Rxc3 34. Rd4 Rc2 35. Na5 c5 36. bxc5 Rf2+ 37. Kg1 Ra2 38. Nb3 Bf2+ 39. Kh2 Bxd4 40. Nxd4 Rd2 41. Nb3 Rd3 42. Na5 Rc3 43. Nb7 Kf8 44. Nd8 Ke7 45. Nc6+ Kd7 46. Ne5+ Ke6 47. Nf3 Kf6 48. Kg3 Rxc5 49. Kh4 Rc4+ 50. g4 f4 51. Nd2 Rd4 52. Nf3 Rd3 53. Ng5 f3 54. Ne4+ Ke5 55. Nf2 Rd2 56. Kg3 Rxf2 57. Kxf2 Kf4 0-1

[Event "GER-chT U14"]
[Site "Duesseldorf"]
[Date "2016.12.27"]
[Round "2.3"]
[White "Bui, Ngoc Han Julia"]
[Black "Sowka, Patrick"]
[Result "0-1"]
[WhiteElo "1796"]
[BlackElo "1686"]
[PlyCount "68"]
[EventDate "2016.12.27"]
[EventType "team-swiss"]
[EventRounds "7"]
[EventCountry "GER"]
[SourceTitle "EXT 2018"]
[Source "ChessBase"]
[SourceDate "2017.10.13"]
[SourceVersion "1"]
[SourceVersionDate "2017.10.13"]
[SourceQuality "1"]
[WhiteTeam "Dresden Leuben U14"]
[BlackTeam "Ergolding U14"]
[WhiteTeamCountry "GER"]
[BlackTeamCountry "GER"]

1. e4 e6 2. d4 d5 3. Nd2 Nd7 4. e5 c5 5. c3 Ne7 6. Bd3 Nc6 7. Ndf3 Be7 8. Ne2 0-0 9. 0-0 c4 10. Bb1 Re8 11. Ne1 Nf8 12. f4 Bd7 13. f5 b5 14. Nf4 exf5 15. Nxd5 g6 16. Nf3 Be6 17. Nxe7+ Nxe7 18. Bg5 Qd7 19. Qd2 Nd5 20. Bc2 Qc7 21. Qf2 Nd7 22. Qh4 Rac8 23. Qh6 Qb6 24. Kh1 a5 25. g4 Rc6 26. gxf5 Bxf5 27. Bxf5 gxf5 28. Bf6 N7xf6 29. exf6 Rxf6 30. Rg1+ Rg6 31. Ne5 Qb7 32. h3 Ne3+ 33. Kh2 Rg2+ 34. Kh1 Rxg1+ 0-1

[Event "Landesliga U20 Nord 1516"]
[Site "Bayern"]
[Date "2016.01.23"]
[Round "5.3"]
[White "Weisheit, Erik"]
[Black "Sowka, Patrick"]
[Result "1/2-1/2"]
[WhiteElo "1588"]
[BlackElo "1591"]
[PlyCount "77"]
[EventDate "2015.11.21"]
[EventType "team-tourn"]
[EventRounds "7"]
[EventCountry "GER"]
[SourceTitle "EXT 2022"]
[Source "ChessBase"]
[SourceDate "2021.10.06"]
[SourceVersion "1"]
[SourceVersionDate "2021.10.06"]
[SourceQuality "1"]
[WhiteTeam "Augsburg SF U20"]
[BlackTeam "Ergolding FC U20"]
[WhiteTeamCountry "GER"]
[BlackTeamCountry "GER"]

1. e4 e5 2. Nf3 Nc6 3. d4 exd4 4. Bc4 d6 5. 0-0 Bg4 6. c3 Ne5 7. Bb3 Qf6 8. Bg5 Nxf3+ 9. gxf3 Qxf3 10. cxd4 Qxd1 11. Bxd1 Bxd1 12. Rxd1 Be7 13. Bf4 0-0-0 14. Nc3 Nf6 15. Rac1 a6 16. b4 Nh5 17. Nd5 Nxf4 18. Rxc7+ Kb8 19. Rxe7 Nxd5 20. exd5 Rhf8 21. Rd3 Rde8 22. Rde3 Rd8 23. Rg3 g6 24. Rf3 Rc8 25. Rfxf7 Rxf7 26. Rxf7 Rc7 27. Rf6 Rd7 28. Kg2 b6 29. a4 Kc7 30. Kg3 Re7 31. Re6 Kd7 32. Rf6 Re4 33. Rf4 Re1 34. Rf7+ Re7 35. Rf8 Re8 36. Rh8 Re7 37. f3 Rf7 38. Kg4 Kc7 39. a5 1/2-1/2

[Event "GER-chT U12"]
[Site "Magdeburg"]
[Date "2015.12.29"]
[Round "5.3"]
[White "Hardt, Anton"]
[Black "Sowka, Patrick"]
[Result "1/2-1/2"]
[WhiteElo "1270"]
[BlackElo "1418"]
[PlyCount "113"]
[EventDate "2015.12.27"]
[EventType "team-swiss"]
[EventRounds "7"]
[EventCountry "GER"]
[SourceTitle "EXT 2017"]
[Source "ChessBase"]
[SourceDate "2016.10.25"]
[SourceVersion "1"]
[SourceVersionDate "2016.10.25"]
[SourceQuality "1"]
[WhiteTeam "Mannheim Lindenhof"]
[BlackTeam "Ergolding"]
[WhiteTeamCountry "GER"]
[BlackTeamCountry "GER"]

1. c4 e5 2. Nc3 Nf6 3. g3 Bc5 4. Bg2 Nc6 5. e3 d6 6. Nge2 Be6 7. 0-0 Bxc4 8. a3 Be6 9. d4 exd4 10. exd4 Bb6 11. d5 Bd7 12. dxc6 Bxc6 13. Re1 0-0 14. Nd4 Bxg2 15. Kxg2 Qd7 16. Be3 Ba5 17. b4 Bb6 18. Qd2 Rfd8 19. Rad1 Rac8 20. Nc2 Bxe3 21. Qxe3 Re8 22. Qd3 Rxe1 23. Rxe1 h6 24. Ne4 Ng4 25. Nd4 Ne5 26. Qe2 Re8 27. Nd2 Re7 28. N4f3 Ng6 29. Qd1 Rxe1 30. Qxe1 Kf8 31. Qe3 b6 32. Qc3 c5 33. bxc5 dxc5 34. Ne4 Qd5 35. Ned2 f6 36. Qc4 Qxc4 37. Nxc4 Ke7 38. Nfd2 b5 39. Na5 Kd6 40. Kf3 c4 41. Ke4 Kc7 42. Kd5 c3 43. Ndb3 Ne5 44. f4 Nf3 45. Nc6 Nd2 46. Nc1 c2 47. Nxa7 Kb6 48. Nc6 Nc4 49. a4 Ne3+ 50. Kd4 Nf1 51. Nb4 bxa4 52. Nxc2 Nxh2 53. Nd3 Nf1 54. g4 Kc6 55. Ncb4+ Kd6 56. Nb2 Nh2 57. Nc4+ 1/2-1/2